Trio '01

Hlavní autor: Viklický, Emil, 1948-
Další autoři: Uhlíř, František, 1950-, Tropp, Laco, 1939-2018
Jazyk: Čeština
Vydáno: Praha : 2HP Production, c2002
Fyzický popis: 1 zvuková deska : digital ; 12 cm
Zvukové nahrávky
Uloženo v:
LEADER 01159njm a2200325 a 4500
001 000636016
003 CZ BrMZK
005 20021210092729.0
007 sd fsngnnmmned
008 021113s2002 xr jz f cze d
028 0 1 |a F1 0111  |b 2HP Production 
040 |a BOA001  |b cze 
047 |a jz 
048 |a od 
080 |a 785.161  |2 MRF 
080 |a (086.7)  |2 MRF 
100 1 |a Viklický, Emil,  |d 1948-  |7 jn19990010022  |4 prf 
245 1 0 |a Trio '01  |h [zvukový záznam] 
260 |a Praha :  |b 2HP Production,  |c c2002 
300 |a 1 zvuková deska :  |b digital ;  |c 12 cm 
500 |a Kompaktní deska (DDD) 
500 |a Původní fonogram p2001 Slovenský rozhlas 
505 0 0 |t Na osičce --  |t Vrať sa milý --  |t Vínko, vínko --  |t Fanóšu --  |t Buhaina, Buhaina --  |t Song for Jane 
511 0 |a Emil Viklický, klavír; František Uhlíř, kontrabas; Laco Tropp, bicí 
655 4 |a jazz 
700 1 |a Uhlíř, František,  |d 1950-  |7 ola2002149221  |4 prf 
700 1 |a Tropp, Laco,  |d 1939-2018  |7 xx0071796  |4 prf 
910 |a BOA001  |b CD-0010.810 
990 |a AV 
996 6 |b 261H011825  |c CD-0010.810  |l MZK  |r Sklad / do 24 hodin  |n 0  |w 000636016  |u 000010  |a 1  |e BOA001  |j MZK50  |s P